000 00808nam a2200265 i 4500
001 6703
003 ES-MaACL
005 20250712062534.0
007 t|
008 900228s1983 sp a |||| | spa d
020 _a84-264-2964-5
080 _a821.134.2-992"19"
080 _a913(234.1 Guadarrama)
100 1 _aCela, Camilo José,
_d1916-2002
_937336
245 1 0 _aCuaderno del Guadarrama /
_cCamilo José Cela ; ilustraciones de Eduardo Vicente.
250 _a1ª ed.
260 _aBarcelona :
_bLumen,
_c1983.
300 _a87 p. :
_bil. ;
_c19 cm.
490 1 _aPalabra menor ;
_v64
651 4 _aGuadarrama (España, Sierra)-
_xDescripción.
_98798
700 1 _aVicente, Eduardo.
_9114331
830 1 _aPalabra menor ;
_v64
_9179513
852 4 _aES-MaACL
_jL-12979
999 _c6703
_d6703